| 000 | 01270nam a2200253Ia 4500 | ||
|---|---|---|---|
| 999 |
_c38589 _d38589 |
||
| 001 | 4706 | ||
| 003 | GE_BSU | ||
| 005 | 20190723161248.0 | ||
| 008 | 181216s2010||||ge |||||||||||||| ||geo|| | ||
| 020 | _a978994022067 | ||
| 040 | _cGE_BSU | ||
| 041 | _ageo | ||
| 080 | _a338.488.2:640.42 ხ–33 | ||
| 100 |
_aხაჭაპურიძე, ავთო _93293 |
||
| 245 |
_aტურისტთა კვების თავისებურებანი : _bდამხმ. სახელმძღვ. ოჯახური სასტუმროების მფლობელთათვის / _cავთო ხაჭაპურიძე, ლელა ხარტიშვილი ; რედ. მანანა გიგაური |
||
| 264 |
_aთბილისი : _bასოციაცია "ელკანა" ; _c2010. |
||
| 300 |
_a32 გვ. ; _c20 სმ. |
||
| 541 | _h12 ლ. 80 თ. | ||
| 653 | _aტურისტთა კვების თავისებურებანი | ||
| 653 | _aტურიზმი | ||
| 700 |
_aხარტიშვილი, ლელა _eავტორი _93294 |
||
| 700 |
_aგიგაური, მანანა _eრედაქტორი _93295 |
||
| 942 |
_cBK _2udc |
||